000
00398nam a2200145Ia 4500
008
100204s9999 xx 000 0 und d
082
_b
18088
100
_a
इनामदार ना.स.
245
_a
झेप
260
_b
कॉन्टिनेन्टल प्रकाशन पुणे
_c
1989 7
300
_a
339
630
_a
झेप
730
_a
झेप
942
_c
BOOK
999
_c
462511
_d
462508